| 000 | 00453nam a22001457a 4500 | ||
|---|---|---|---|
| 005 | 20180821142854.0 | ||
| 020 |
_a8170004195 _c400.00 |
||
| 035 | _aB-219976 ,B-219978 | ||
| 037 |
_aDPL _bENG |
||
| 100 | _aSatija, M P | ||
| 245 |
_aExercise in the 22nd edition of the Dewey Decimal Classification / _cby M P Satija |
||
| 260 |
_aNew Delhi _bEss Ess Publications _c2004 |
||
| 300 |
_aix, 175p. _c18 cms. |
||
| 942 |
_2ddc _cEN _h025.432 _mSAT |
||
| 999 |
_c63419 _d63419 |
||